অৰ্থনীতি আৰু সমাজ (Record no. 16405)
[ view plain ]
| 000 -LEADER | |
|---|---|
| fixed length control field | 00615nam a22002057a 4500 |
| 008 - FIXED-LENGTH DATA ELEMENTS--GENERAL INFORMATION | |
| fixed length control field | 260422b |||||||| |||| 00| 0 eng d |
| 020 ## - INTERNATIONAL STANDARD BOOK NUMBER | |
| International Standard Book Number | 978-81-19679-60-7 |
| Price | 220.00 |
| 040 ## - CATALOGING SOURCE | |
| Original Cataloguing agency | Sibsagar Commerce College Central Library |
| 041 ## - LANGUAGE CODE | |
| Language code of text/sound track or separate title | Assamese |
| 082 ## - DEWEY DECIMAL CLASSIFICATION NUMBER | |
| Classification number | 300.122 |
| Book Number | BOR |
| 100 ## - MAIN ENTRY--PERSONAL NAME | |
| Personal name | Borah, B. K. |
| Fuller form of name | Dr. Birinchi Kumar |
| 245 ## - TITLE STATEMENT | |
| Title | অৰ্থনীতি আৰু সমাজ |
| Sub Title | Arthaniti aru Samaj / Economy and Society |
| 250 ## - EDITION STATEMENT | |
| Edition statement | 2nd Revised Ed. |
| 260 ## - PUBLICATION, DISTRIBUTION, ETC. | |
| Place of publication, distribution, etc. | Jorhat |
| Name of publisher, distributor, etc. | Bidya Bhawan |
| Date of publication, distribution, etc. | 2026 |
| 300 ## - PHYSICAL DESCRIPTION | |
| Pages | 216 p. ; |
| Dimensions | 14 x 20 cm. |
| 505 ## - FORMATED CONTENTS NOTE | |
| Formated content notes | 4th semester <br/>NEP<br/>Minor |
| 650 ## - Subject | |
| Subject | Sociology |
| 942 ## - ADDED ENTRY ELEMENTS (KOHA) | |
| Source of classification or shelving scheme | Dewey Decimal Classification |
| Koha item type | Books |
| Withdrawn status | Lost status | Source of classification or shelving scheme | Damaged status | Not for loan | Collection code | Home library | Current library | Shelving location | Date acquired | Source of acquisition | Cost, normal purchase price | Total Checkouts | Full call number | Barcode | Date last seen | Copy number | Cost, replacement price | Price effective from | Koha item type |
|---|---|---|---|---|---|---|---|---|---|---|---|---|---|---|---|---|---|---|---|
| Dewey Decimal Classification | Sociology | Sibsagar Commerce College Central Library | Sibsagar Commerce College Central Library | General Stacks | 10/04/2026 | Kitap Ghar | 220.00 | 300.122 BOR | 29238 | 22/04/2026 | 3 | 440.00 | 22/04/2026 | Books | |||||
| Dewey Decimal Classification | Sociology | Sibsagar Commerce College Central Library | Sibsagar Commerce College Central Library | General Stacks | 10/04/2026 | Kitap Ghar | 220.00 | 300.122 BOR | 29239 | 22/04/2026 | 4 | 440.00 | 22/04/2026 | Books | |||||
| Dewey Decimal Classification | Sociology | Sibsagar Commerce College Central Library | Sibsagar Commerce College Central Library | General Stacks | 10/04/2026 | Kitap Ghar | 220.00 | 300.122 BOR | 29240 | 22/04/2026 | 5 | 440.00 | 22/04/2026 | Books |
